000 00578nam a2200217Ia 4500
003 OSt
005 20220927104329.0
006 a|||||r|||| 00| 0
007 ta
008 220926b |||||||| |||| 00| 0 eng d
024 _a116300
037 _cReference Collections
040 _aRTL
_cRTL
_beng
041 _2eng
_aeng
082 _a"L:5.1s, (UN)(RR)"
245 0 _aWorld health statistics annual
260 _aGeneva
_bWorld Health Organization
650 _aMedicine
942 _h"L:5.1s, (UN)(RR)"
_cCC
999 _c686756
_d686756